[Event "CAN-ch U12"]
[Site "Quebec"]
[Date "2018.07.04"]
[Round "5.77"]
[White "Wang, Yinan"]
[Black "Lin, Felix"]
[Result "0-1"]
[WhiteElo "977"]
[BlackElo "1470"]
[PlyCount "146"]
[EventDate "2018.07.02"]
[EventType "swiss"]
[EventRounds "7"]
[EventCountry "CAN"]
[SourceTitle "EXT 2022"]
[Source "ChessBase"]
[SourceDate "2021.10.06"]
[SourceVersion "1"]
[SourceVersionDate "2021.10.06"]
[SourceQuality "1"]

1. e4 c5 2. Nf3 d6 3. d4 cxd4 4. Nxd4 Nf6 5. Nc3 a6 6. Bc4 e6 7. Bg5 Be7 8. f3 0-0 9. Be3 b5 10. Bb3 Qd7 11. 0-0 Bb7 12. a4 b4 13. Nce2 Nc6 14. a5 d5 15. exd5 Nxd5 16. Bxd5 Qxd5 17. Nxc6 Qxc6 18. Bb6 Rac8 19. Nd4 Bc5 20. Rf2 Qd5 21. Bxc5 Qxc5 22. Nb3 Qc7 23. Ra4 Qc4 24. Qd4 Rfd8 25. Qxc4 Rxc4 26. h3 Rdc8 27. Kf1 Bc6 28. Ra1 Bb5 29. Ke1 Rxc2 30. Rxc2 Rxc2 31. Nd4 Rc5 32. Rd1 g6 33. Nxb5 Rxb5 34. Rd8+ Kg7 35. Ra8 Rxa5 36. Rb8 Ra1+ 37. Kf2 a5 38. Ke2 Ra2 39. Ra8 Rxb2+ 40. Kd3 Ra2 41. Kc4 Rxg2 42. Rxa5 Rg3 43. Kxb4 Rxf3 44. Ra3 Rxa3 45. Kxa3 Kf6 46. Kb3 Kf5 47. Kc3 e5 48. Kd2 Kf4 49. Ke2 Kg3 50. Ke3 f5 51. h4 Kxh4 52. Kf2 g5 53. Kg2 h5 54. Kf2 g4 55. Kg2 f4 56. Kf2 e4 57. Kg2 e3 58. Kf1 f3 59. Ke1 e2 60. Kf2 Kh3 61. Ke1 Kg2 62. Kd2 Kf2 63. Kd3 e1Q 64. Kd4 h4 65. Kd3 h3 66. Kd4 h2 67. Kd3 h1R 68. Kd4 Rh5 69. Kd3 Rd5+ 70. Kc4 Rd2 71. Kb3 Qc1 72. Ka4 Rb2 73. Ka3 Qa1# 0-1